| 000 | 00771nam a2200205Ii 4500 | ||
|---|---|---|---|
| 003 | JO-AjNU | ||
| 008 | 230605s9999||||xx |||||||||||||| ||und|| | ||
| 017 | _a1991/8/409 | ||
| 040 |
_aJO-AjNU _bara _erda _cJO-AjNU |
||
| 041 | _aara | ||
| 050 | 1 | 4 | _aHG1615.A8244 1991 |
| 100 | 3 |
_aتأليف العصار، رشاد /م.مشارك: اولغا قمر، سعيد عبد الواحد, _eauthor _945473 |
|
| 245 | 0 | 0 | _aدراسات تطبيقية في ادارة المصارف |
| 264 | 3 | 1 | _aعمان: دار صفاء، 1991 |
| 300 |
_a144ص _bيحتوي على ببلوغرافية من 141-144ص |
||
| 336 |
_atext _btxt _2rdacontent |
||
| 337 |
_aunmediated _bn _2rdamedia |
||
| 338 |
_avolume _bnc _2rdacarrier |
||
| 650 | 4 |
_aالبنوك- ادارة وتنظيم _945474 |
|
| 999 |
_aA19715 _c23283 _d23283 |
||